000 00347nam a2200133Ia 4500
008 240624s9999 xx 000 0 und d
041 _aeng
082 _a920 DRE
100 _aDREXLER KATERI
245 _aBUSINESS ICONS WHO CHANGED THE WORLD
260 _c2010
_aMumbai
_bJaico Publishing
300 _ax, : 268 : p. : cm. ; 21
365 _cRS
_b35
999 _c26756
_d26756